00907nam a2200253 i 450000100060000000300090000600500170001500700030003200800410003502000180007608000170009410000240011124501310013525000120026626000320027830000220031049000320033265100620036470000280042683000400045485200210049499900170051595201210053263587ES-MaACL20230906164922.0t|031212s1975 sp ||||1| spa d a84-7222-482-1 a947"1917-21"1 aFerro, Marc.95059513aLa Revolución de 1917 : bla caída del zarismo y los orígenes de octubre / cMarc Ferro ; [versión de Máximo Loizu]. a1ª ed. aBarcelona : bLaia, c1975. a522 p. ; c21 cm.1 aHistoria / Papel 451 ; v33 4aRusia-xHistoria-y1917, Revolución de febrero.91729201 aLoizu, Máximo.9731491 aHistoria / Papel 451 ; v339230678 aES-MaACLjE-9765 c63587d63587 00104070aATENEOMbATENEOMcDEPO2d2008-01-17eSCl0oE-9765p1066647r2023-02-23 00:00:00w2023-02-23yMONOGRAFIA